Statistics for name the old country

Click here to take the quiz!

General Stats

  • This quiz has been taken 28 times
  • The average score is 8 of 13

Answer Stats

HintAnswer% Correct
MoscowSoviet union
96%
HonoluluHawaii
92%
SeoulKorea
92%
EdinburghScotland
88%
BelgradeYugoslavia
88%
PragueCzechoslovakia
85%
IstanbulOttoman
85%
KyotoJapan
81%
AachenHoly roman empire
35%
SukhothaiSiam
35%
AtlantaCSA
23%
TyrePhoenicia
23%
KaraquorumMongol empire
19%

Score Distribution

Percentile by Number Answered

Percent of People with Each Score

Your Score History

You have not taken this quiz